Macro Economics/ (Record no. 152122)

MARC details
000 -LEADER
fixed length control field 00583nam a22001817a 4500
010 ## - LCCN (DPL NO)
LC control number B-691986
020 ## - INTERNATIONAL STANDARD BOOK NUMBER
International Standard Book Number 9788121940030
Terms of availability 240.00
035 ## - SYSTEM CONTROL NUMBER
System control number B-691986
037 ## - SOURCE OF ACQUISITION
Source of stock number/acquisition RK Books
082 ## - DEWEY DECIMAL CLASSIFICATION NUMBER
Edition number 339
100 ## - MAIN ENTRY--PERSONAL NAME
Personal name Mittal, Abha
245 ## - TITLE STATEMENT
Title Macro Economics/
Statement of responsibility, etc Abha Mittal
260 ## - PUBLICATION, DISTRIBUTION, ETC. (IMPRINT)
Place of publication, distribution, etc New Delhi
Name of publisher, distributor, etc S. Chand & Company Pvt. Ltd.
Date of publication, distribution, etc 2014
270 ## - ADDRESS
Address Ram Nagar,
City New Delhi
Postal code 110055
300 ## - PHYSICAL DESCRIPTION
Extent 364p.
Other physical details 22cm (pbk)
942 ## - ADDED ENTRY ELEMENTS (KOHA)
Source of classification or shelving scheme Dewey Decimal Classification
Item type English Books
Classification part 339
Call number prefix MIT
Holdings
Withdrawn status Lost status Not for loan Collection code Home library Current library Date acquired Source of acquisition Cost, normal purchase price Full call number Barcode Copy number Cost, replacement price Koha item type
      Non-fiction Central Library Central Library 17/05/2018 RK Books/IN335/16.05.2018/454/10.05.2018/17.05.2018 240.00 339 MIT B-691986 1 240.00 English Books

© Delhi Public Library
Hit Counter
free hit counter